000 00429nam a2200181Ia 4500
001 21062
005 20260306172851.0
008 260306t2016||||xx |||||||||||||| ||spa||
041 _aESP
082 _a344
_bJ414A N° 46
100 _aJakobs, Günther,
_eAUT
245 0 _aTeoría de la intervención
260 _c2016
300 _a135 páginas :
_c21 cm.
650 _aGEN
654 _aCDE
942 _cLIB
_dJUS
_fJUS
_2ddc
_n
999 _c21062
_d21062